MARC details
| 000 -CABECERA |
| campo de control de longitud fija |
00976nam a2200277 a 4500 |
| 001 - NÚMERO DE CONTROL |
| campo de control |
000014226 |
| 005 - FECHA Y HORA DE LA ÚLTIMA TRANSACCIÓN |
| campo de control |
20200929163529.0 |
| 008 - DATOS DE LONGITUD FIJA--INFORMACIÓN GENERAL |
| campo de control de longitud fija |
091207s2000 sp 000 f spa d |
| 020 ## - NÚMERO INTERNACIONAL ESTÁNDAR DEL LIBRO |
| Número Internacional Estándar del Libro |
8466301496 |
| 040 ## - FUENTE DE LA CATALOGACIÓN |
| Centro catalogador/agencia de origen |
DO-SdBNP |
| Lengua de catalogación |
spa |
| Centro/agencia transcriptor |
BNPHU |
| 041 17 - CÓDIGO DE LENGUA |
| Código de lengua del texto/banda sonora o título independiente |
spa |
| Código de lengua original |
fre |
| Fuente del código |
Código de idioma MARC |
| 082 ## - NÚMERO DE LA CLASIFICACIÓN DECIMAL DEWEY |
| Número de clasificación |
843.34 |
| Número de documento/Ítem |
Y81a |
| 049 ## - FONDOS LOCALES (OCLC) |
| Fondos de biblioteca |
BNGR |
| 100 1# - ENTRADA PRINCIPAL--NOMBRE DE PERSONA |
| Nombre de persona |
Yourcenar, Marguerite, |
| Fechas asociadas al nombre |
1903-1987 |
| 9 (RLIN) |
13307 |
| 240 10 - TÍTULO UNIFORME |
| Título uniforme |
Alexis : ou le traité du vain combat. |
| Lenguaje de la obra |
Español |
| 245 10 - MENCIÓN DE TÍTULO |
| Título |
Alexis : |
| Resto del título |
o el tratado del inútil combate / |
| Mención de responsabilidad, etc. |
Marguerite Yourcenar ; traducción de Emma Calatayud. |
| 260 ## - PUBLICACIÓN, DISTRIBUCIÓN, ETC. |
| Lugar de publicación, distribución, etc. |
[Madrid] : |
| Nombre del editor, distribuidor, etc. |
Suma de Letras, |
| Fecha de publicación, distribución, etc. |
2000. |
| 300 ## - DESCRIPCIÓN FÍSICA |
| Extensión |
165 p. ; |
| Dimensiones |
18 cm. |
| 490 1# - MENCIÓN DE SERIE |
| Mención de serie |
Punto de lectura |
| Designación de volumen o secuencia |
51/1 |
| 534 ## - NOTA SOBRE LA VERSIÓN ORIGINAL |
| Frase introductoria |
Título original en francés: |
| Mención de título del original |
Alexis : ou le traité du vain combat |
| Publicación, distribución, etc. del original |
Gallimard, 1971 |
| 650 #4 - PUNTO DE ACCESO ADICIONAL DE MATERIA--TÉRMINO DE MATERIA |
| Término de materia o nombre geográfico como elemento de entrada |
Novela francesa |
| 9 (RLIN) |
1075 |
| 650 #4 - PUNTO DE ACCESO ADICIONAL DE MATERIA--TÉRMINO DE MATERIA |
| Término de materia o nombre geográfico como elemento de entrada |
Literatura francesa |
| 9 (RLIN) |
1074 |
| 700 1# - PUNTO DE ACCESO ADICIONAL--NOMBRE DE PERSONA |
| Nombre de persona |
Calatayud, Emma, |
| Término indicativo de función/relación |
tr. |
| 9 (RLIN) |
13358 |
| 830 #0 - PUNTO DE ACCESO ADICIONAL DE SERIE-TÍTULO UNIFORME |
| Título uniforme |
Punto de lectura ; |
| Designación de volumen o secuencia |
51/1 |
| 9 (RLIN) |
3047 |
| 910 ## - DATOS DE OPCIÓN DEL USUARIO (OCLC) |
| Datos de opción del usuario |
WM |